000 00498nam a2200193Ia 4500
005 20240921120813.0
008 240921s9999||||xx |||||||||||||| ||und||
041 _aENGLISH
082 _A621.381548 M9
100 _aCooper W P
245 0 _aElectronic Instrumentation and Measurement Techniques
250 _a3rd
260 _c1989
_bPHI,New Delhi
500 _aSignal Generation
650 _aInstrumentation
_bInstrumentation
700 _a Helfrick A D
942 _cBK
999 _c247581
_d247581